Official Languages of Central Asia - Statistics

General Stats
  • This quiz has been taken 98 times
  • The average score is 5 of 5
Answer Stats
Country Answer % Correct
Kazakhstan Kazakh
100%
Kyrgyzstan Kyrgyz
97%
Uzbekistan Uzbek
96%
Turkmenistan Turkmen
95%
Tajikistan Tajiki
84%
No matching quizzes found
Score Distribution
Percent of People with Each Score
Percentile by Number Answered
Your Score History
You have not taken this quiz